Statistiques concernant Villes mondiales basées sur l'emplacement A-Z

Cliquez ici pour prendre le quiz!

Statistiques générales

  • Ce quiz a été pris 200 fois
  • Le résultat moyen est 15 sur 26

Réponses sur la Carte

Les réponses sont colorées sur une échelle allant du rouge au vert en fonction du pourcentage des utilisateurs qui les ont devinées à leur premier essai. Vous pouvez retrouver ces pourcentages ci-dessous.
 

Statistiques - réponses

Hintville% Correct
MMadrid
96%
NNew York
94%
RRabat
85%
KKiev
82%
WWellington
81%
QQuito
78%
UUlaanbaatar
78%
SSeattle
76%
EÉdimbourg
72%
ZZurich
70%
OOttawa
67%
JJohannesbourg
65%
VVilnius
65%
IIslamabad
63%
BBagdad
59%
AAbidjan
49%
CCork
48%
YYerevan
46%
PParamaribo
44%
HHô-Chi-Minh-Ville
36%
GGöteborg
30%
DDarwin
29%
TThimphou
26%
LLouxor
25%
FFortaleza
20%
XXiamen
12%

Distribution des résultats

Percentile par nombre de réponses

% des personnes avec chaque résultat

Votre développement - résultats

Vous n’avez pas pris ce quiz